000 00787nam a22001817a 4500
999 _c58831
_d58831
005 20221006102825.0
008 221006s2018 rus||||| |||| 00| 0 ru d
020 _a9785991994353
080 _a341.231.14(075.8) Р-32
245 _aРегиональные системы защиты прав человека /
_cПод ред. А. Х. Абашидзе.
250 _a2-е изд. перераб. и дополн.
264 _aМосква :
_bЮрайт,
_c2018.
300 _a377 стр. ;
_b24 см.
653 _aადამიანის უფლებათა დაცვის რეგიონული სისტემები
653 _aსამართალი
700 _aАбашидзе, А. Х.
_eრედაქტორი
_9432
942 _2udc
_cBK